| 000 | 01131nam a22003617a 4500 | ||
|---|---|---|---|
| 001 | 256164 | ||
| 003 | OSt | ||
| 005 | 20210426095214.0 | ||
| 007 | ad canzn | ||
| 008 | 760503s1977 nyu e eng | ||
| 010 | _a 76016761 | ||
| 020 | _a007021025X | ||
| 040 |
_aDLC _cDLC _dDLC _beng |
||
| 041 | _aeng | ||
| 050 | 0 | 0 |
_aG1046.E15 _bA8 1977 |
| 052 | _a3201 | ||
| 080 |
_a008 _bF-54 |
||
| 082 | 0 | 0 | _a930/.1 |
| 100 |
_9819 _aFinley, I., M _eEditor |
||
| 245 | 0 | 0 |
_aAtlas of classical archaeology / _cedited by M. I. Finley. _b/ by: McGraw-Hill Book Company |
| 260 |
_aNew York _bMcGraw-Hill Book Company _cc1977. |
||
| 300 |
_a1 atlas (256 p.) _bill., maps (some col.) _c29 cm. |
||
| 500 | _aIncludes index. | ||
| 650 | 0 |
_aArchaeology _vMaps. |
|
| 650 | 0 |
_aHistory of civilizations _9410 |
|
| 653 | _aცივილიზაციების ისტორია | ||
| 653 | _aარქეოლოგია | ||
| 655 | 7 |
_aWorld atlases _2lcgft |
|
| 700 | 1 |
_aFinley, M. I. _q(Moses I.), _d1912-1986. |
|
| 906 |
_a7 _bcbc _corignew _d1 _eocip _f19 _gy-geogmaps |
||
| 942 |
_2udc _cBK |
||
| 999 |
_c1313 _d1313 |
||